000
00272nam a22001097a 4500
008
230620b xxu||||| |||| 00| 0 eng d
082
_a
320.2
_b
TAN 1979
245
_a
In Defence of Democracy
260
_a
Kampala
_b
UNDIS Publications
_c
1979
300
_a
30p
942
_2
ddc
_c
BK
999
_c
1651
_d
1651